Migraciones internacionales y criterios de Bienestar (Registro nro. 24796)

Detalles MARC
000 -LEADER
fixed length control field 00337 a2200109 4500
001 - CONTROL NUMBER
control field ART_10872
005 - DATE AND TIME OF LATEST TRANSACTION
control field 20260410161849.0
008 - FIXED-LENGTH DATA ELEMENTS--GENERAL INFORMATION
fixed length control field 260409a
100 1# - MAIN ENTRY--PERSONAL NAME
Personal name Montuschi, Luisa
245 10 - TITLE STATEMENT
Title Migraciones internacionales y criterios de Bienestar
773 0# - HOST ITEM ENTRY
Title Económica
Related parts - Año XXV, Nº 1/2/3 (ene./dic. 1979)
Record control number REV7541

No hay ítems disponibles.